[Event "DEM U14 2022"]
[Site "Willingen GER"]
[Date "2022.06.09"]
[Round "7"]
[White "Udelnov, Valentin"]
[Black "Wunderlich, Elias"]
[Result "1-0"]
[Termination "normal"]
[Board "9"]
[WhiteElo "1967"]
[BlackElo "1619"]
[WhiteClock "00:06:15"]
[BlackClock "00:01:50"]
[PlyCount "105"]
[WhiteFideId "16265734"]
[BlackFideId "34608087"]
[EventCountry "GER"]
[EventRounds "9"]
[EventType "swiss"]
[EventDate "2022.06.04"]

1. e4 {[%clk 1:30:55]} e6 {[%clk 1:30:58]} 2. d4 {[%clk 1:31:18]} d5 {[%clk
1:31:23]} 3. Nd2 {[%clk 1:31:43]} c5 {[%clk 1:31:50]} 4. Ngf3 {[%clk 1:32:08]}
cxd4 {[%clk 1:32:14]} 5. exd5 {[%clk 1:32:28]} Qxd5 {[%clk 1:32:39]} 6. Bc4
{[%clk 1:32:51]} Qd6 {[%clk 1:32:59]} 7. O-O {[%clk 1:33:02]} Nf6 {[%clk
1:33:23]} 8. Nb3 {[%clk 1:33:11]} Nc6 {[%clk 1:33:33]} 9. Nbxd4 {[%clk
1:32:52]} Nxd4 {[%clk 1:33:55]} 10. Nxd4 {[%clk 1:33:16]} Be7 {[%clk 1:34:19]}
11. Re1 {[%clk 1:33:11]} O-O {[%clk 1:34:42]} 12. Bf1 {[%clk 1:23:16]} Rd8
{[%clk 1:33:42]} 13. Be3 {[%clk 1:19:52]} Nd5 {[%clk 1:33:28]} 14. Bd2 {[%clk
1:13:42]} Bf6 {[%clk 1:32:36]} 15. Nb5 {[%clk 1:08:41]} Qc5 {[%clk 1:29:12]}
16. c4 {[%clk 1:05:16]} a6 {[%clk 1:05:27]} 17. cxd5 {[%clk 0:40:09]} axb5
{[%clk 1:05:44]} 18. dxe6 {[%clk 0:34:46]} Bxe6 {[%clk 1:05:51]} 19. Rc1 {[%clk
0:25:28]} Qa7 {[%clk 0:59:48]} 20. Qc2 {[%clk 0:22:18]} Qxa2 {[%clk 0:53:44]}
21. Bc3 {[%clk 0:17:18]} Bg5 {[%clk 0:41:24]} 22. Rcd1 {[%clk 0:16:21]} Rxd1
{[%clk 0:34:22]} 23. Qxd1 {[%clk 0:16:45]} b4 {[%clk 0:34:30]} 24. Be5 {[%clk
0:12:30]} Rd8 {[%clk 0:32:24]} 25. Qf3 {[%clk 0:11:51]} Qd5 {[%clk 0:18:31]}
26. Qg3 {[%clk 0:10:20]} Bh6 {[%clk 0:16:38]} 27. Qh4 {[%clk 0:07:01]} Rc8
{[%clk 0:09:53]} 28. g4 {[%clk 0:05:16]} Qd2 {[%clk 0:09:38]} 29. Re2 {[%clk
0:04:22]} Qc1 {[%clk 0:09:43]} 30. f3 {[%clk 0:03:56]} Be3+ {[%clk 0:05:50]}
31. Kg2 {[%clk 0:04:21]} Bc4 {[%clk 0:05:51]} 32. Re1 {[%clk 0:04:22]} Qd2+
{[%clk 0:05:13]} 33. Kh3 {[%clk 0:02:30]} Bf2 {[%clk 0:04:37]} 34. Qe7 {[%clk
0:02:36]} Bxf1+ {[%clk 0:02:59]} 35. Rxf1 {[%clk 0:03:00]} Qe2 {[%clk 0:03:08]}
36. Ra1 {[%clk 0:02:34]} Bd4 {[%clk 0:02:31]} 37. Qxb7 {[%clk 0:02:20]} Re8
{[%clk 0:02:03]} 38. Bxd4 {[%clk 0:02:09]} h5 {[%clk 0:01:41]} 39. Ra8 {[%clk
0:01:04]} hxg4+ {[%clk 0:01:33]} 40. fxg4 {[%clk 0:01:06]} Qf1+ {[%clk
0:00:42]} 41. Kg3 {[%clk 0:25:13]} Qd3+ {[%clk 0:26:17]} 42. Kg2 {[%clk
0:24:49]} Rxa8 {[%clk 0:14:50]} 43. Qxa8+ {[%clk 0:25:09]} Kh7 {[%clk 0:15:10]}
44. Bf2 {[%clk 0:23:01]} Qc2 {[%clk 0:13:10]} 45. Qf3 {[%clk 0:22:15]} Qxb2
{[%clk 0:12:31]} 46. Qxf7 {[%clk 0:22:38]} b3 {[%clk 0:09:03]} 47. Qf5+ {[%clk
0:12:05]} Kg8 {[%clk 0:07:19]} 48. g5 {[%clk 0:11:06]} Qa2 {[%clk 0:03:47]} 49.
g6 {[%clk 0:06:26]} Qa8+ {[%clk 0:04:12]} 50. Kh3 {[%clk 0:06:09]} b2 {[%clk
0:02:08]} 51. Bd4 {[%clk 0:05:53]} b1=Q {[%clk 0:01:31]} 52. Qf7+ {[%clk
0:06:15]} Kh8 {[%clk 0:01:50]} 53. Bxg7# 1-0

[Event "DEM U14 2022"]
[Site "Willingen GER"]
[Date "2022.06.09"]
[Round "7"]
[White "Huber, Benedikt"]
[Black "Schwan, Aaron"]
[Result "1-0"]
[Termination "normal"]
[Board "12"]
[WhiteElo "1780"]
[BlackElo "1671"]
[WhiteClock "00:33:03"]
[BlackClock "00:35:00"]
[PlyCount "117"]
[WhiteFideId "16281225"]
[BlackFideId "34603220"]
[EventCountry "GER"]
[EventRounds "9"]
[EventType "swiss"]
[EventDate "2022.06.04"]

1. e4 {[%clk 1:30:57]} c5 {[%clk 1:30:57]} 2. Nf3 {[%clk 1:31:21]} e6 {[%clk
1:31:26]} 3. d4 {[%clk 1:31:42]} cxd4 {[%clk 1:31:53]} 4. Nxd4 {[%clk 1:32:06]}
a6 {[%clk 1:32:22]} 5. c4 {[%clk 1:32:03]} Qc7 {[%clk 1:32:43]} 6. Nc3 {[%clk
1:32:18]} Nf6 {[%clk 1:32:57]} 7. a3 {[%clk 1:31:08]} b6 {[%clk 1:33:18]} 8.
Be3 {[%clk 1:31:11]} Bb7 {[%clk 1:33:46]} 9. f3 {[%clk 1:30:55]} d6 {[%clk
1:34:02]} 10. Be2 {[%clk 1:30:44]} Be7 {[%clk 1:34:16]} 11. O-O {[%clk
1:30:52]} Nbd7 {[%clk 1:34:30]} 12. Qd2 {[%clk 1:29:39]} O-O {[%clk 1:34:25]}
13. Rfc1 {[%clk 1:28:47]} Rac8 {[%clk 1:21:52]} 14. a4 {[%clk 1:26:11]} Bd8
{[%clk 1:18:24]} 15. Nb3 {[%clk 1:17:26]} Qb8 {[%clk 1:06:42]} 16. a5 {[%clk
1:05:50]} Nc5 {[%clk 1:03:54]} 17. Nxc5 {[%clk 0:55:33]} bxc5 {[%clk 1:00:59]}
18. Rcb1 {[%clk 0:51:07]} Bc6 {[%clk 0:57:50]} 19. e5 {[%clk 0:45:58]} Nd7
{[%clk 0:43:51]} 20. exd6 {[%clk 0:35:32]} f5 {[%clk 0:39:43]} 21. f4 {[%clk
0:29:48]} Bf6 {[%clk 0:36:13]} 22. Na4 {[%clk 0:21:20]} Rfd8 {[%clk 0:29:29]}
23. Nxc5 {[%clk 0:13:07]} Nxc5 {[%clk 0:29:05]} 24. Bxc5 {[%clk 0:13:34]} Be4
{[%clk 0:29:10]} 25. Bb6 {[%clk 0:10:56]} Rxd6 {[%clk 0:28:42]} 26. Qe3 {[%clk
0:09:41]} Bxb1 {[%clk 0:28:13]} 27. Rxb1 {[%clk 0:10:06]} Qxb6 {[%clk 0:25:38]}
28. Qxb6 {[%clk 0:08:49]} Bd4+ {[%clk 0:26:07]} 29. Qxd4 {[%clk 0:08:38]} Rxd4
{[%clk 0:26:36]} 30. g3 {[%clk 0:08:29]} Rd2 {[%clk 0:25:34]} 31. Kf1 {[%clk
0:07:42]} Rb8 {[%clk 0:23:14]} 32. b4 {[%clk 0:07:34]} Ra2 {[%clk 0:23:10]} 33.
Bd3 {[%clk 0:02:32]} Rxh2 {[%clk 0:23:14]} 34. Kg1 {[%clk 0:01:50]} Ra2 {[%clk
0:22:46]} 35. c5 {[%clk 0:01:41]} Kf7 {[%clk 0:22:46]} 36. c6 Rd2 {[%clk
0:12:52]} 37. Bxa6 {[%clk 0:01:40]} Rc2 {[%clk 0:13:19]} 38. Bb7 {[%clk
0:01:52]} Ke7 {[%clk 0:03:53]} 39. a6 {[%clk 0:02:13]} Rf8 {[%clk 0:02:51]} 40.
a7 {[%clk 0:02:31]} Ra2 {[%clk 0:03:17]} 41. c7 {[%clk 0:01:06]} Kd7 {[%clk
0:02:46]} 42. Rc1 {[%clk 0:00:57]} Rc8 {[%clk 0:01:46]} 43. Bxc8+ {[%clk
0:00:31]} Kxc8 {[%clk 0:02:13]} 44. b5 {[%clk 0:00:49]} Rxa7 {[%clk 0:02:22]}
45. b6 Ra8 {[%clk 0:02:38]} 46. Rd1 {[%clk 0:29:57]} Kb7 {[%clk 0:31:50]} 47.
Rd8 {[%clk 0:29:43]} Ra1+ {[%clk 0:31:55]} 48. Kg2 {[%clk 0:29:47]} Rc1 {[%clk
0:31:56]} 49. Rb8+ {[%clk 0:30:00]} Ka6 {[%clk 0:31:21]} 50. c8=Q+ {[%clk
0:29:57]} Rxc8 {[%clk 0:31:49]} 51. Rxc8 {[%clk 0:30:20]} Kxb6 {[%clk 0:32:16]}
52. Re8 {[%clk 0:30:45]} Kc7 {[%clk 0:32:37]} 53. Rxe6 {[%clk 0:30:58]} Kd7
{[%clk 0:33:04]} 54. Re5 {[%clk 0:31:15]} g6 {[%clk 0:33:33]} 55. Ra5 {[%clk
0:31:40]} Ke6 {[%clk 0:33:58]} 56. Ra7 {[%clk 0:32:01]} h6 {[%clk 0:34:24]} 57.
Ra6+ {[%clk 0:32:26]} Kf7 {[%clk 0:34:50]} 58. Kf3 {[%clk 0:32:47]} g5 {[%clk
0:35:00]} 59. g4 {[%clk 0:33:03]} 1-0

[Event "DEM U14 2022"]
[Site "Willingen GER"]
[Date "2022.06.09"]
[Round "7"]
[White "Müller, Maximilian"]
[Black "Deschler, Arne"]
[Result "1/2-1/2"]
[Termination "normal"]
[Board "15"]
[WhiteElo "1875"]
[BlackElo "1646"]
[WhiteClock "00:09:30"]
[BlackClock "00:39:56"]
[PlyCount "110"]
[WhiteFideId "16243552"]
[BlackFideId "16274415"]
[EventCountry "GER"]
[EventRounds "9"]
[EventType "swiss"]
[EventDate "2022.06.04"]

1. e4 {[%clk 1:30:58]} c6 {[%clk 1:30:58]} 2. d4 {[%clk 1:31:22]} d5 {[%clk
1:31:26]} 3. exd5 {[%clk 1:31:45]} cxd5 {[%clk 1:31:53]} 4. Bd3 {[%clk
1:32:08]} Nc6 {[%clk 1:32:17]} 5. c3 {[%clk 1:32:34]} Qc7 {[%clk 1:32:44]} 6.
h3 {[%clk 1:32:59]} g6 {[%clk 1:32:33]} 7. Nf3 {[%clk 1:33:21]} Bg7 {[%clk
1:32:23]} 8. O-O {[%clk 1:33:45]} Bf5 {[%clk 1:32:11]} 9. Be2 {[%clk 1:34:08]}
Nf6 {[%clk 1:31:35]} 10. Be3 {[%clk 1:34:34]} O-O {[%clk 1:31:32]} 11. Qc1
{[%clk 1:34:57]} Rac8 {[%clk 1:26:30]} 12. Bf4 {[%clk 1:32:58]} Qd7 {[%clk
1:22:50]} 13. Qd1 {[%clk 1:30:59]} a6 {[%clk 1:15:36]} 14. Nbd2 {[%clk
1:30:45]} Ne4 {[%clk 1:11:35]} 15. Nxe4 {[%clk 1:22:42]} Bxe4 {[%clk 1:11:16]}
16. Nd2 {[%clk 1:23:06]} Qf5 {[%clk 1:06:06]} 17. Bg3 {[%clk 1:23:26]} h5
{[%clk 1:03:28]} 18. Nxe4 {[%clk 1:00:51]} dxe4 {[%clk 1:02:35]} 19. Qb3 {[%clk
0:55:29]} Na5 {[%clk 0:57:47]} 20. Qb4 {[%clk 0:55:52]} e6 {[%clk 0:56:53]} 21.
Rfd1 {[%clk 0:53:11]} Rfd8 {[%clk 0:54:42]} 22. Qb6 {[%clk 0:37:21]} Rd7 {[%clk
0:49:12]} 23. Rac1 {[%clk 0:19:33]} Bf8 {[%clk 0:40:32]} 24. c4 {[%clk
0:07:49]} Rc6 {[%clk 0:38:26]} 25. Qa7 {[%clk 0:08:17]} Bd6 {[%clk 0:37:02]}
26. d5 {[%clk 0:02:40]} exd5 {[%clk 0:29:35]} 27. Rxd5 {[%clk 0:02:41]} Qxd5
{[%clk 0:29:34]} 28. cxd5 {[%clk 0:03:07]} Rxc1+ {[%clk 0:30:00]} 29. Kh2
{[%clk 0:03:12]} Bxg3+ {[%clk 0:30:17]} 30. Kxg3 {[%clk 0:03:12]} Rc2 {[%clk
0:27:09]} 31. Bxa6 {[%clk 0:02:17]} Rxb2 {[%clk 0:27:02]} 32. Qb8+ {[%clk
0:02:44]} Kh7 {[%clk 0:26:56]} 33. Qe8 {[%clk 0:02:56]} Rc7 {[%clk 0:25:48]}
34. d6 {[%clk 0:03:14]} Rc3+ {[%clk 0:26:10]} 35. Kh2 {[%clk 0:03:20]} bxa6
{[%clk 0:25:30]} 36. Qxf7+ {[%clk 0:03:41]} Kh6 {[%clk 0:25:43]} 37. Qf4+
{[%clk 0:01:30]} Kh7 {[%clk 0:25:59]} 38. Qe5 {[%clk 0:01:11]} Rcc2 {[%clk
0:23:30]} 39. Qxa5 {[%clk 0:00:39]} Rxf2 {[%clk 0:22:45]} 40. Qc7+ {[%clk
0:00:55]} Kh6 {[%clk 0:22:25]} 41. d7 {[%clk 0:25:34]} Rxg2+ {[%clk 0:50:55]}
42. Kh1 {[%clk 0:25:58]} Rge2 {[%clk 0:49:43]} 43. Qf4+ {[%clk 0:14:17]} Kh7
{[%clk 0:48:40]} 44. Qf7+ {[%clk 0:14:40]} Kh6 {[%clk 0:49:06]} 45. Qf4+ {[%clk
0:12:59]} Kh7 {[%clk 0:45:10]} 46. Qf7+ {[%clk 0:10:07]} Kh6 {[%clk 0:45:33]}
47. Qf1 {[%clk 0:10:24]} Red2 {[%clk 0:39:52]} 48. Qc1 {[%clk 0:07:30]} e3
{[%clk 0:39:57]} 49. Qxb2 {[%clk 0:07:05]} Rxb2 {[%clk 0:40:08]} 50. d8=Q
{[%clk 0:07:29]} e2 {[%clk 0:39:46]} 51. Qh8+ {[%clk 0:07:54]} Kg5 {[%clk
0:40:09]} 52. Qe5+ {[%clk 0:08:19]} Kh6 {[%clk 0:39:03]} 53. Qh8+ {[%clk
0:08:41]} Kg5 {[%clk 0:39:25]} 54. Qe5+ {[%clk 0:09:05]} Kh6 {[%clk 0:39:46]}
55. Qh8+ {[%clk 0:09:30]} Kg5 {[%clk 0:39:56]} 1/2-1/2

[Event "DEM U14 2022"]
[Site "Willingen GER"]
[Date "2022.06.09"]
[Round "7"]
[White "Detjen, Mattes"]
[Black "Vihan, Shourya"]
[Result "0-1"]
[Termination "normal"]
[Board "19"]
[WhiteElo "1098"]
[BlackElo "1385"]
[WhiteClock "00:25:13"]
[BlackClock "00:23:01"]
[PlyCount "50"]
[WhiteFideId "16235690"]
[BlackFideId "2897119"]
[EventCountry "GER"]
[EventRounds "9"]
[EventType "swiss"]
[EventDate "2022.06.04"]

1. e4 {[%clk 1:30:55]} c5 {[%clk 1:30:59]} 2. c3 {[%clk 1:31:15]} d5 {[%clk
1:31:26]} 3. exd5 {[%clk 1:31:35]} Qxd5 {[%clk 1:31:51]} 4. d4 {[%clk 1:31:56]}
Nf6 {[%clk 1:31:58]} 5. Nf3 {[%clk 1:31:54]} Bg4 {[%clk 1:32:17]} 6. Be2 {[%clk
1:31:39]} e6 {[%clk 1:31:13]} 7. O-O {[%clk 1:27:24]} Nc6 {[%clk 1:29:25]} 8.
Bf4 {[%clk 1:24:50]} Be7 {[%clk 1:26:57]} 9. c4 {[%clk 1:21:37]} Qe4 {[%clk
1:16:28]} 10. Be3 {[%clk 1:18:02]} cxd4 {[%clk 1:08:05]} 11. Bd3 {[%clk
1:17:30]} Bxf3 {[%clk 1:07:23]} 12. gxf3 {[%clk 1:10:25]} Qe5 {[%clk 1:04:21]}
13. Bd2 {[%clk 1:02:08]} Qc7 {[%clk 0:59:40]} 14. Re1 {[%clk 0:56:40]} Bd6
{[%clk 0:56:11]} 15. h3 {[%clk 0:53:55]} O-O {[%clk 0:51:49]} 16. Kh1 {[%clk
0:52:42]} Ne5 {[%clk 0:49:10]} 17. Qe2 {[%clk 0:46:02]} Qc6 {[%clk 0:44:40]}
18. Kg2 {[%clk 0:43:16]} Nfd7 {[%clk 0:35:56]} 19. b3 {[%clk 0:37:03]} Nc5
{[%clk 0:32:39]} 20. Be4 {[%clk 0:35:47]} Nxe4 {[%clk 0:29:31]} 21. fxe4 {[%clk
0:31:51]} Ng6 {[%clk 0:27:03]} 22. Bg5 {[%clk 0:28:39]} Bf4 {[%clk 0:22:14]}
23. h4 {[%clk 0:24:47]} Bxg5 {[%clk 0:22:36]} 24. hxg5 {[%clk 0:25:13]} Nf4+
{[%clk 0:23:01]} 25. Qh5 Ng6 0-1